00335nam a2200145Ia 45000030006000000080041000060400015000471000017000622450026000792500006001052600043001113000006001545460012001600050017001720STCL150530s9999 xx 000 0 und d aSTCLcSTCL aTwyman, R.M. aDevelopmental Biology a1 bViva Books; New Delhic2003aNew Delhi a0 aEnglish20220125170422.0